| 000 | 00754nam a22002417a 4500 | ||
|---|---|---|---|
| 003 | DO-SdBNP | ||
| 005 | 20211020141942.0 | ||
| 007 | ta | ||
| 008 | 210915b ||||| |||| 00| 0 eng d | ||
| 020 | _a9789945483000 | ||
| 040 |
_aDO-SdBNP _bspa _cBNPHU |
||
| 082 | 4 | _222 | |
| 100 | 1 |
_aPilier Báez, Hermán, _d1966- _979884 |
|
| 245 | 1 | 0 |
_aTriunfadores o perdedores / _cHerman Pilier Báez ; prólogo Macho Cedeño. |
| 260 |
_aSanto Domingo : _bSociedad de Escritores y Artistas de la Provincia La Altagracia, _c2010. |
||
| 300 |
_a97 p. ; _c21 cm. |
||
| 490 | _aPilier Báez. | ||
| 590 | _aInventariado, 2021 /LP | ||
| 700 | 1 |
_aCedeño, Macho, _epról. _979885 |
|
| 830 | 0 |
_a Pilier Báez. _979886 |
|
| 910 | _aLopérez | ||
| 942 |
_2ddc _cLBS1 |
||
| 999 |
_c50513 _d50513 |
||